Normal view
MARC view
- Myers R.H.
Entry Personal Name
001 - CONTROL NUMBER
- control field: 212056
003 - CONTROL NUMBER IDENTIFIER
- control field: OSt
005 - DATE AND TIME OF LATEST TRANSACTION
- control field: 20250513113357.0
008 - FIXED-LENGTH DATA ELEMENTS
- fixed length control field: 250513|| aca||aabn | a|a d
040 ## - CATALOGING SOURCE
- Original cataloging agency: OSt
- Transcribing agency: OSt
100 ## - HEADING--PERSONAL NAME
- Personal name: Myers R.H.
- Personal name: Myers S.L
670 ## - SOURCE DATA FOUND
- Source citation: Work cat.: (OSt)366036: Walpole R.E. 187629, Probability And Statistics For Engineers And Scientists , 2024